| 000 | 01024cam a2200205 a 4500 | ||
|---|---|---|---|
| 005 | 20260429090637.0 | ||
| 008 | 081121s2009 cau b 000 0 eng | ||
| 020 | _a9788178299211 (pbk.) | ||
| 082 | 0 | 0 | _a306.766095 RAO |
| 100 | _aRao. R. Raj | ||
| 245 | 0 | 0 |
_aWhistling in the dark : _btwenty-one queer interviews / _cedited by R. Raj Rao, Dibyajyoti Sarma. |
| 260 |
_aThousand Oaks : _bSage Publications, _c2009. |
||
| 300 |
_axxxiii, 264 p. ; _c23 cm. |
||
| 505 | 0 | _aHoshang Merchant -- Sushil Patil -- Manish Pawar -- Kama Maureemootoo -- Christopher Benninger & Ram Naidu -- Satish Ranadive -- Mahohar Shitole -- Thomas Waugh -- Narendra Binner -- Arman Pasha -- Aslam Shaikh -- Ana Garcia-Arroyo -- Avinash Gaitonde -- Ankit Gupta -- Ganesh Holay -- Raja Chandraratne -- Darius Ankleshwaria -- Dilip Sheth -- Shivji Panikkar -- Mohammad Soltani -- Bindumadhav Khire. | |
| 650 | 0 | _aHomosexuality. | |
| 650 | 0 |
_aGay people _vInterviews. |
|
| 700 | 1 | _aRaj Rao, R. | |
| 700 | 1 | _aSarma, Dibyajyoti. | |
| 942 |
_2ddc _cBK |
||
| 999 |
_c115244 _d115244 |
||